000 00939cam a2200265 a 4500
001 1163369
005 20211207134713.0
008 960701s1996 njua 001 0 eng
010 _a 96031575
020 _a0806518286 (hc)
040 _aDLC
_cDLC
_dDLC
050 0 0 _aUB210
_b.L264 1996
082 0 0 _a355.00922
_220
_bLAN
100 1 _aLanning, Michael Lee.
_985911
245 1 4 _aThe military 100 :
_ba ranking of the most influential military leaders of all time /
_cMichael Lee Lanning.
246 3 _aMilitary one hundred
260 _aSecaucus, N.J. :
_bCarol Pub. Group,
_cc1996.
300 _axii, 372 p. :
_bill. ;
_c26 cm.
500 _a"A Citadel Press book."
500 _aIncludes index.
650 0 _aLeadership.
_985912
906 _a7
_bcbc
_corignew
_d1
_eocip
_f19
_gy-gencatlg
942 _2ddc
_cBK
999 _c587170
_d587170